000 01258nam a2200253 a 4500
001 000048615
005 20201002061259.0
008 100331s2016 dr ac r 000 0 spa d
020 _a9789945086430
040 _aDO-SdBNP
_bspa
_cBNPHU
082 _axxxx
_bR696b
100 1 _aRodríguez Bonilla, Manuel
_938657
245 1 3 _aLa batalla de la barranquita /
_cManuel Rodríguez Bonilla ; presentación Juan Daniel Balcácel.
250 _a2a. ed.
260 _aSanto Domingo :
_bComisión Permanente de Efemérides Patria,
_c2016.
300 _a349 P. :
_bil., retr. ;
_c22 cm.
490 1 _aPublicaciones de la Comisión Permanente de Efemérides Patria
500 _aIncluye datos biográficos del autor en la solapa de la cubierta
500 _aIncluye referencias bibliográficas y notas al pie de las páginas
505 0 _aDedicatoria --
_tAgradecimiento --
_tPresentación --
_tUna aclaración necesaria --
_tPalabras de presentación de la primera edición --
_tPalabras preliminares --
_tIntroducción --
_gParte 1 :
_tLa batalla de la Barranquita --
_gParte 2 :
_tEl rescate histórico
590 _aInventariado, 2019/VM
700 1 _aBalcácel, Juan Daniel
_976070
830 0 _aPublicaciones de la Comisión Permanente de Efemérides Patria
_976071
999 _c48103
_d48103